Biggest Cities in Kentucky A-Z - Statistics

General Stats
  • This quiz has been taken 22 times
  • The average score is 9 of 22
Answer Stats
Letter Population Answer % Correct
L 628,954 Louisville
100%
B 73,529 Bowling Green
85%
O 60,011 Owensboro
70%
P 26,278 Paducah
70%
E 31,931 Elizabethtown
60%
H 30,683 Hopkinsville
50%
A 21,476 Ashland
45%
C 40,837 Covington
45%
F 32,132 Florence
45%
G 37,730 Georgetown
45%
R 35,756 Richmond
40%
I 28,920 Independence
30%
J 28,671 Jeffersontown
30%
V 10,431 Versailles
30%
D 17,303 Danville
25%
U 7,531 Union
25%
W 19,071 Winchester
25%
M 19,420 Madisonville
20%
N 31,490 Nicholasville
20%
S 17,437 St. Matthews
20%
T 6,832 Taylor Mill
15%
K 653 Kuttawa
10%
No matching quizzes found
Score Distribution
Percent of People with Each Score
Percentile by Number Answered
Your Score History
You have not taken this quiz